000 01000cam a2200313 a 4500
001 57631
003 BD-RjUL
005 20211209080533.0
008 111216s19851991enk b 001 0 eng
020 _a052126748X
020 _a0521318513
035 _a(BD-RjUL) 57755
035 _a2868714
040 _aDLC
_beng
_cDLC
_dDLC
_dLC
_dBD-RjUL
041 1 _aengfre
082 0 0 _a306
_223
_bSPO 1985
100 1 _aSperber, Dan.
_9171124
245 1 0 _aOn anthropological knowledge :
_bthree essays /
_cDan Sperber.
260 _aNew York :
_bCambridge University Press,
_cc1985[reprinted 1991]
300 _a110 p. ;
_c24 cm.
500 _aIncludes index.
504 _aBibliography: p. 99-104.
600 1 0 _aLevi-Strauss, Claude.
_9171126
650 0 _aEthnology
_xPhilosophy.
_9171127
650 0 _aIrrationalism (Philosophy)
_9171128
830 _aCambridge studies in social anthropology ;
_v54
_9171150
942 _2ddc
_cBK
999 _c57631
_d57631